Statistics for Basic Cake Ingredients

Click here to take the quiz!

General Stats

  • This quiz has been taken 99,503 times
  • The average score is 6 of 8

Answer Stats

Ingredient% Correct
Flour
97%
Eggs
96%
Sugar
96%
Milk
84%
Butter
71%
Vanilla
67%
Baking powder
66%
Salt
64%

Score Distribution

Percentile by Number Answered

Percent of People with Each Score

Your Score History

You have not taken this quiz